000
00231nam a2200097Ia 4500
005
20251222154312.0
008
251222s9999||||xx |||||||||||||| ||spa||
082
_a
REF.912/B52
245
0
_a
Atlas de geografĂa universal
942
_c
LIB
999
_c
33427
_d
33427